| 000 | 00346nam a2200133Ia 4500 | ||
|---|---|---|---|
| 008 | 191201s1996 xx 000 0 und d | ||
| 082 |
_a677.02822 _bJAT |
||
| 100 | _aJAGANNATHAN, R | ||
| 245 | 0 | _aTextile Mechanics and Spinning Calculations | |
| 260 |
_aN.Delhi _bMahajan Brother _c1996 |
||
| 300 | _a167 | ||
| 650 | _aB.Tech(TE) | ||
| 942 |
_2ddc _cBK |
||
| 999 |
_c2233 _d2233 |
||